Sports Quiz

Random Sports or Baseball Quiz

Athletics Yearly Top 5 RBI's Quiz Stats

 Plays Quiz not verified by Sporcle

Score 0/245 Timer 12:00
1 Play Today
Hint Answer % Correct
1970Reggie Jackson
96.7%
1971Reggie Jackson
96.7%
1972Reggie Jackson
96.7%
1973Reggie Jackson
96.7%
1974Reggie Jackson
96.7%
1975Reggie Jackson
96.7%
1986Jose Canseco
96.5%
1987Mark McGwire
96.5%
1987Jose Canseco
96.5%
1988Jose Canseco
96.5%
1988Mark McGwire
96.5%
1989Mark McGwire
96.5%
1989Jose Canseco
96.5%
1990Mark McGwire
96.5%
1990Jose Canseco
96.5%
1991Jose Canseco
96.5%
1991Mark McGwire
96.5%
1992Mark McGwire
96.5%
1992Jose Canseco
96.5%
1995Mark McGwire
96.5%
1996Mark McGwire
96.5%
1997Mark McGwire
96.5%
1997Jose Canseco
96.5%
1981Rickey Henderson
94.5%
1982Rickey Henderson
94.5%
1984Rickey Henderson
94.5%
1988Dave Henderson
94.5%
1989Dave Henderson
94.5%
1990Dave Henderson
94.5%
1990Rickey Henderson
94.5%
1991Dave Henderson
94.5%
1993Dave Henderson
94.5%
1998Rickey Henderson
94.5%
1996Jason Giambi
93.5%
1997Jason Giambi
93.5%
1998Jason Giambi
93.5%
1999Jason Giambi
93.5%
2000Jason Giambi
93.5%
2001Jason Giambi
93.5%
2017Khris Davis
90.2%
1999Miguel Tejada
89.2%
2000Miguel Tejada
89.2%
2001Miguel Tejada
89.2%
2002Miguel Tejada
89.2%
2003Miguel Tejada
89.2%
2018Khris Davis
89.1%
1983Mike Davis
88.1%
1985Mike Davis
88.1%
1986Mike Davis
88.1%
1987Mike Davis
88.1%
2010Rajai Davis
88.1%
2016Khris Davis
88.1%
2000Eric Chavez
84.4%
2001Eric Chavez
84.4%
2002Eric Chavez
84.4%
2003Eric Chavez
84.4%
2004Eric Chavez
84.4%
2005Eric Chavez
84.4%
2006Eric Chavez
84.4%
1973Deron Johnson
82.8%
1990Terry Steinbach
78.2%
1991Terry Steinbach
78.2%
1992Terry Steinbach
78.2%
1994Terry Steinbach
78.2%
1995Terry Steinbach
78.2%
1996Terry Steinbach
78.2%
1970Sal Bando
76.9%
1971Sal Bando
76.9%
1972Sal Bando
76.9%
1973Sal Bando
76.9%
1974Sal Bando
76.9%
1975Sal Bando
76.9%
1976Sal Bando
76.9%
1984Carney Lansford
76.8%
1986Carney Lansford
76.8%
1987Carney Lansford
76.8%
1988Carney Lansford
76.8%
1989Carney Lansford
76.8%
1992Carney Lansford
76.8%
1981Cliff Johnson
72.8%
2005Dan Johnson
72.8%
2007Dan Johnson
72.8%
Hint Answer % Correct
2013Josh Donaldson
71.8%
2014Josh Donaldson
71.8%
1971Joe Rudi
70.6%
1972Joe Rudi
70.6%
1973Joe Rudi
70.6%
1974Joe Rudi
70.6%
1976Joe Rudi
70.6%
1970Bert Campaneris
70.1%
1973Gene Tenace
70%
1974Gene Tenace
70%
1975Gene Tenace
70%
1976Gene Tenace
70%
2006Frank Thomas
68.3%
1988Dave Parker
66.2%
1989Dave Parker
66.2%
1975Billy Williams
65.3%
1977Earl Williams
65.3%
2012Seth Smith
63.6%
1984Dave Kingman
63.1%
1985Dave Kingman
63.1%
1986Dave Kingman
63.1%
2003Scott Hatteberg Terrence Long
61.8%
1980Dwayne Murphy
60.1%
1981Dwayne Murphy
60.1%
1982Dwayne Murphy
60.1%
1983Dwayne Murphy
60.1%
1984Dwayne Murphy
60.1%
1985Dwayne Murphy
60.1%
2002Scott Hatteberg
58.6%
2004Scott Hatteberg
58.6%
2005Scott Hatteberg
58.6%
1977Tony Armas
58.6%
1980Tony Armas
58.6%
1981Tony Armas
58.6%
1982Tony Armas
58.6%
2012Josh Reddick
57.2%
2014Josh Reddick
57.2%
2015Josh Reddick
57.2%
2001Terrence Long
54.6%
2002Terrence Long
54.6%
2001Ramon Hernandez Frank Menechino
54.4%
2003Ramon Hernandez
54.1%
1997Matt Stairs
53.3%
1998Matt Stairs
53.3%
1999Matt Stairs
53.3%
2000Matt Stairs
53.3%
1976Don Baylor
51.8%
2011Coco Crisp
50.6%
2013Coco Crisp
50.6%
2002Jermaine Dye
49.6%
2004Jermaine Dye
49.6%
1986Tony Phillips
49%
2012Yoenis Cespedes
48.2%
2013Yoenis Cespedes
48.2%
2014Yoenis Cespedes
48.2%
1993Ruben Sierra
45.6%
1994Ruben Sierra
45.6%
2007Mark Ellis
45%
2009Mark Ellis
45%
2007Jack Cust
43.9%
2008Jack Cust
43.9%
2009Jack Cust
43.9%
2010Jack Cust
43.9%
2017Jed Lowrie
42.5%
1991Harold Baines
42%
1992Harold Baines
42%
2008Emil Brown
41.7%
1975Claudell Washington
41.2%
2013Jed Lowrie
40.9%
2009Kurt Suzuki
40.1%
2010Kurt Suzuki
40.1%
2018Jed Lowrie
39.5%
1994Geronimo Berroa
39%
1995Geronimo Berroa
39%
1996Geronimo Berroa
39%
2015Jed Lowrie
38.9%
2005Nick Swisher
38.2%
2006Nick Swisher
38.2%
2007Nick Swisher
38.2%
1999John Jaha
37.2%
1977Mitchell Page
36.6%
1978Mitchell Page
36.6%
Hint Answer % Correct
1979Mitchell Page
36.6%
1970Felipe Alou
34.9%
1971Mike Epstein
34.7%
1972Mike Epstein
34.7%
2012Brandon Moss
34.6%
2013Brandon Moss
34.6%
2014Brandon Moss
34.6%
2009Matt Holliday
34.4%
1998Ben Grieve
34.3%
1999Ben Grieve
34.3%
2000Ben Grieve
34.3%
2018Matt Olson
34.1%
2008Bobby Crosby
33.3%
2015Stephen Vogt
33.3%
2016Stephen Vogt
33.3%
2015Billy Butler
32.5%
1971Rick Monday
31.8%
2016Marcus Semien
31%
1977Wayne Gross
30.8%
1979Wayne Gross
30.8%
1980Wayne Gross
30.8%
1981Wayne Gross
30.8%
1994Scott Brosius
30%
1996Scott Brosius
30%
2018Marcus Semien
29.4%
2017Yonder Alonso
29.1%
2003Erubiel Durazo
28.9%
2004Erubiel Durazo
28.9%
1972Dave Duncan
28.2%
1978Taylor Duncan
28.2%
2016Yonder Alonso
27.7%
2014Derek Norris
27.4%
1993Mike Bordick
27.2%
1978Dave Revering
25.8%
1979Dave Revering
25.8%
1980Dave Revering
25.8%
2011Josh Willingham
25.4%
1970Don MIncher
25.4%
1983Davey Lopes
25.1%
2005Mark Kotsay
25%
2006Mark Kotsay
25%
2008Daric Barton
24.3%
2010Daric Barton
24.3%
1985Alfredo Griffin
23.9%
1987Alfredo Griffin
23.9%
1976Phil Garner
23.8%
1984Mike Heath
23.7%
1985Bruce Bochte
23.4%
1978Jeff Newman
22.7%
1979Jeff Newman
22.7%
1980Jeff Newman
22.7%
1978Mario Guerrero
22.6%
1995Stan Javier
22.6%
1997Scott Spiezio
22.3%
2004Eric Byrnes
22.1%
2017Matthew Joyce
22%
2011Cliff Pennington
21.8%
1977Manny Sanguillen
20.9%
2009Adam Kennedy
20.4%
1982Jeff Burroughs
20.1%
1983Jeff Burroughs
20.1%
2010Kevin Kouzmanoff
19.1%
1993Brent Gates
19%
1995Brent Gates
19%
2011Hideki Matsui
19%
1993Troy Neel
18.5%
1994Troy Neel
18.5%
2007Shannon Stewart
17.8%
2018Stephen Piscotty
17.1%
2017Ryon Healy
17%
2015Mark Canha
15.9%
1979Jim Essian
14.9%
1974Angel Mangual
14.1%
2016Danny Valencia
13.6%
1983Bill Almon
13.1%
1982Dan Meyer
12.9%
2012Brandon Inge
12.9%
2006Jay Payton
11.8%
2011Scott Sizemore
10.1%
1998Mike Blowers
9.7%
2008Jack Hannahan
9.6%

You're not logged in!

Compare scores with friends on all Sporcle quizzes.
OR
Log In

You Might Also Like...

Show Comments

Extras

Top Quizzes Today


Score Distribution

Your Account Isn't Verified!

In order to create a playlist on Sporcle, you need to verify the email address you used during registration. Go to your Sporcle Settings to finish the process.

Report this User

Report this user for behavior that violates our Community Guidelines.

Details: